000 00715nab a2200229u 4500
001 16682
003 HDC
007 c| |||a|c|aaaa
008 210219b20140605my ||||| |||| 00| 0 may d
040 _aHDC
245 0 _aRujuk JAKIM tentukan status halal: Mahathir
336 _atext
_2rdacontent
337 _acomputer
_2rdamedia
338 _aonline resource
_2rdacarrier
650 _aCadbury chocolate
_916387
650 _ahalal status
_9540
710 _aBERITA HARIAN
856 _zRequest full-text at [email protected]
942 _2lcc
942 _cNEWS
942 _kNWSC 004917
999 _c13998
_d13998